00275nam a2200121Ia 4500008004100000100001400041245002600055260002600081300000800107650001400115942000700129999001700136190216s9999||||xx |||||||||||||| ||und|| aKumar M S 0aMizhiyoram Vazhiyoram bPoorna Pubs Kozhikode a139 aMalayalam cBK c27779d27779